000 00581cab a2200241 4500
001 ABS60319
008 090401t1999 xxu||||| |||| 00| 0 eng d
035 _a(Sirsi) u92103
041 _aeng
100 _aHood, M.
245 _aWhat the people say
260 _c1999
350 _a0
490 _aInside Housing
_v16(9) 5 March 1999, 20-21(2)
650 _aBENCHMARKING
650 _aBEST VALUE
650 _aHOUSING MANAGEMENT
650 _aLOCAL AUTHORITIES
650 _aSOCIAL HOUSING
690 _aBlock management
_96220
942 _n0
948 _c16/03/1999
999 _c58394
_d58394